Normal view
MARC view
- Competent Lawyer
Entry Topical Term
001 - CONTROL NUMBER
- control field: 127968
003 - CONTROL NUMBER IDENTIFIER
- control field: NUST
005 - DATE AND TIME OF LATEST TRANSACTION
- control field: 20250226094524.0
008 - FIXED-LENGTH DATA ELEMENTS
- fixed length control field: 250226|| aca||aabn | a|a d
040 ## - CATALOGING SOURCE
- Original cataloging agency: NUST
- Transcribing agency: NUST
150 ## - HEADING--TOPICAL TERM
- Topical term or geographic name entry element: Competent Lawyer
670 ## - SOURCE DATA FOUND
- Source citation: Work cat.: (NUST): Zafar S M, Be A Competent Lawyer/, 2014.
